| 000 -LEADER |
| fixed length control field |
00854nam a22001697a 4500 |
| 005 - DATE AND TIME OF LATEST TRANSACTION |
| control field |
20240109110342.0 |
| 008 - FIXED-LENGTH DATA ELEMENTS--GENERAL INFORMATION |
| fixed length control field |
240109s1916 ru ||||| |||| 00| 0 rus d |
| 041 ## - LANGUAGE CODE |
| Language code of text/sound track or separate title |
rus |
| 080 ## - UNIVERSAL DECIMAL CLASSIFICATION NUMBER |
| Universal Decimal Classification number |
902.6 : 92 C-23 |
| 245 ## - TITLE STATEMENT |
| Title |
Сборник статей в честь графини Прасковьи Сергеевны Уваровой / |
| Remainder of title |
1885-1915. |
| 264 ## - PRODUCTION, PUBLICATION, DISTRIBUTION, MANUFACTURE, AND COPYRIGHT NOTICE |
| Place of production, publication, distribution, manufacture |
М. : |
| Name of producer, publisher, distributor, manufacturer |
т-во скоропеч. А. А. Левенсон, |
| Date of production, publication, distribution, manufacture, or copyright notice |
1916. |
| 300 ## - PHYSICAL DESCRIPTION |
| Extent |
117 с.: |
| Other physical details |
ил. ; |
| Dimensions |
29 см. |
| 521 ## - TARGET AUDIENCE NOTE |
| Target audience note |
к 30-летию деятельности на посту председателя Московского археологического общества |
| 653 ## - INDEX TERM--UNCONTROLLED |
| keyword |
სტატიების კრებული |
| 653 ## - INDEX TERM--UNCONTROLLED |
| keyword |
გრაფინია პრასკოვია სერგეევნა უვაროვა |
| 942 ## - ADDED ENTRY ELEMENTS (KOHA) |
| Source of classification or shelving scheme |
|
| Koha item type |
წიგნი |